| 000 | 00543nam a2200169 4500 | ||
|---|---|---|---|
| 001 | 121864 | ||
| 003 | ES-MaACL | ||
| 005 | 20230906191840.0 | ||
| 007 | t| | ||
| 008 | 070214s1967 sp r ||||1| spa d | ||
| 100 | 1 |
_aPosac Mon, Carlos F. _993314 |
|
| 245 | 1 | 3 |
_aLa última década lusitana de Ceuta / _cpor Carlos F. Posac Mon. |
| 260 |
_aCeuta : _bInstituto Nacional de Enseñanza Media, _c1967. |
||
| 300 |
_a121 p., 8 lám. ; _c24 cm. |
||
| 710 | 2 |
_aInstituto Nacional de Enseñanza Media. _95155 |
|
| 852 |
_aES-MaACL _jC-34336 _bR.64508 |
||
| 999 |
_c121864 _d121864 |
||